| 000 | 00564cam a2200205 4500 | ||
|---|---|---|---|
| 001 | M93552 | ||
| 008 | 090401t1980 xxu||||| |||| 00| 0 eng d | ||
| 035 | _a(Sirsi) u88132 | ||
| 041 | _aeng | ||
| 050 | _a332.6324 | ||
| 110 |
_aAllsop and Co _92757 |
||
| 245 | 4 | _aThe Allsop schedule of investment yields 1930/1980. | |
| 260 |
_aLondon _bAllsop and Co _c1980 |
||
| 300 | _a4p. ; 30cm. | ||
| 350 | _a0 | ||
| 650 | _aINVESTMENT YIELDS | ||
| 690 | _aPROPERTY-COMMERCIAL PROPERTY-COMMERCIAL PROPERTY FINANCE AND INVESTMENT | ||
| 942 | _n0 | ||
| 948 | _c25/08/1998 | ||
| 999 |
_c97295 _d97295 |
||